000 00556nam a2200229Ia 4500
003 OSt
005 20220918194800.0
006 a|||||r|||| 00| 0
007 ta
008 220917b |||||||| |||| 00| 0 eng d
024 _a81,573
037 _cTextual
040 _aARTS
_cARTS
_beng
041 _2eng
_aeng
082 _aS:7:6, K6 (SD)
100 _aAnstey Edgar
_987052
245 0 _aPsychological tests
260 _c1966
650 _aPSYCHOLOGY
942 _hS:7:6, K6 (SD)
_cTEXL
_2CC
999 _c205295
_d205295